00486nam a2200169Ia 4500008004100000020001300041040001900054041001200073082003300085100003000118245004000148260002700188300001800215650004300233651001400276850002600290131103s9999 xx 000 0 und d cRs.30.00 aLoreto College aEnglish a891.44B/SEN-MUKbLCBED/14920 aMukhopadhyay, Ashok Kumar aSurjo SencAshok Kumar Mukhopadhyay aKolkatabPapirusc2010 a75p. c 18cm. aSen, Surjo (22 March 1894-12 Jan 1934) aBiography aLCBED/891.44B/SEN-MUK